00582 2200181 4500001002100000005001700021008004100038020002200079035002500101082001100126090002200137100002600159245010000185260003600285300003100321650002600352990002200378YOGYA-0712000000024420150413084609.0 ind  a978-602-8316-45-3 a0010-071200000000244 a297.18 aDEP 297.18bSug K aSUGEANTI MADYONINGRUM aKisah seru dunia binatang dalam Al-Qur anc/ Sugeanti Madyoningrum ; penyunting, Maftuhah Hamid aYogyakartabPustaka Marwac2011 a45 hlm. :bilus. ;c26 cm. aIslam - Cerita-cerita aCB.D.11-2011-2156